00334 a2200133 450000100060000002000150000604000370002110000260005824000370008424500320012130000070015336200090016065000310016972332 a852670351X cAnchieta - Colégio São Paulo aSérafini, Dominique10aO mistério da Atlântidalpor10aO mistério da Atlântida a480 a1991 4aLiteratura infanto-juvenil